[Event "Peterborough 4NCL Easter U2000 op"]
[Site "Peterborough"]
[Date "2024.03.30"]
[Round "2"]
[White "Towers, Brian"]
[Black "Watkinson, Phil"]
[Result "0-1"]
[WhiteElo "1824"]
[BlackElo "1744"]
[PlyCount "54"]
[EventDate "2024.03.29"]
[EventType "swiss"]
[EventRounds "7"]
[EventCountry "ENG"]
[SourceTitle "CB14_2024"]
[SourceDate "2024.04.01"]
[SourceVersion "1"]
[SourceVersionDate "2024.04.01"]
[SourceQuality "1"]

1. d4 d5 2. Nc3 Nf6 3. Bf4 c5 4. e3 a6 5. a3 cxd4 6. exd4 Bf5 7. Bd3 Bg6 8. Nf3 e6 9. 0-0 Nc6 10. h3 Be7 11. Re1 Bxd3 12. Qxd3 0-0 13. Rad1 b5 14. Ne5 Nxe5 15. dxe5 Nd7 16. Qg3 Kh8 17. Nb1 Nb6 18. Nd2 Qc7 19. c3 a5 20. Rc1 Rfc8 21. Nb3 Nc4 22. Re2 Nxb2 23. Rxb2 Bxa3 24. Rbc2 Bxc1 25. Rxc1 a4 26. Nd4 Qc4 27. Bd2 b4 0-1

[Event "Harrogate 4NCL op-B 31st"]
[Site "Harrogate"]
[Date "2024.01.20"]
[Round "2"]
[White "Towers, Brian"]
[Black "Letton, Rob"]
[Result "1-0"]
[WhiteElo "1864"]
[BlackElo "1773"]
[PlyCount "59"]
[EventDate "2024.01.19"]
[EventType "swiss"]
[EventRounds "5"]
[EventCountry "ENG"]
[SourceTitle "CB06_2024"]
[SourceDate "2024.02.07"]
[SourceVersion "1"]
[SourceVersionDate "2024.02.07"]
[SourceQuality "1"]

1. d4 e6 2. Nc3 c5 3. d5 Qc7 4. e4 a6 5. a4 Nf6 6. Nf3 d6 7. Be2 exd5 8. exd5 g6 9. 0-0 Bg7 10. Bf4 0-0 11. Qd2 Bg4 12. Bh6 Nbd7 13. Bxg7 Kxg7 14. Rfe1 Rfe8 15. Rad1 Re7 16. h3 Bxf3 17. Bxf3 Ne5 18. Be2 Rae8 19. b3 Ned7 20. Bf3 Nb6 21. Rxe7 Qxe7 22. Kf1 Nbd7 23. g3 Qd8 24. Re1 Re5 25. Rxe5 Nxe5 26. Bg2 c4 27. f4 Ned7 28. bxc4 Qc8 29. Qd4 Nc5 30. g4 1-0

[Event "Harrogate 4NCL op-B 31st"]
[Site "Harrogate"]
[Date "2024.01.19"]
[Round "1"]
[White "Hall, David G"]
[Black "Towers, Brian"]
[Result "0-1"]
[WhiteElo "1763"]
[BlackElo "1864"]
[PlyCount "54"]
[EventDate "2024.01.19"]
[EventType "swiss"]
[EventRounds "5"]
[EventCountry "ENG"]
[SourceTitle "CB06_2024"]
[SourceDate "2024.02.07"]
[SourceVersion "1"]
[SourceVersionDate "2024.02.07"]
[SourceQuality "1"]

1. d4 f5 2. e4 fxe4 3. Nc3 Nf6 4. Bg5 g6 5. f3 d5 6. fxe4 Nxe4 7. Nxe4 dxe4 8. Bc4 Bg7 9. c3 Nd7 10. Qb3 Rf8 11. Nh3 Nb6 12. 0-0-0 Nxc4 13. Qxc4 Qd6 14. Rhf1 Bxh3 15. Rxf8+ Bxf8 16. gxh3 0-0-0 17. Rf1 c6 18. Qa4 a6 19. Qb3 Qd5 20. h4 h6 21. Be3 Bg7 22. Rf7 Qxb3 23. axb3 Bf6 24. Bxh6 Bxh4 25. Rf4 Bf6 26. Rxe4 Rh8 27. Bf4 Rh4 0-1

[Event "Douglas Major & Minor op"]
[Site "Douglas"]
[Date "2023.11.02"]
[Round "6"]
[White "Towers, Brian"]
[Black "Dyshliuk, Fedir"]
[Result "1/2-1/2"]
[WhiteElo "1703"]
[BlackElo "1393"]
[PlyCount "102"]
[EventDate "2023.10.28"]
[EventType "swiss"]
[EventRounds "7"]
[EventCountry "IOM"]
[SourceTitle "CB46_2023"]
[SourceDate "2023.11.15"]
[SourceVersion "1"]
[SourceVersionDate "2023.11.15"]
[SourceQuality "1"]

1. d4 d5 2. Nc3 Nf6 3. Bf4 c5 4. e3 cxd4 5. exd4 a6 6. Nf3 Nc6 7. Be2 Bf5 8. 0-0 e6 9. a3 Bd6 10. Bxd6 Qxd6 11. Na4 Nd7 12. Nh4 Bg6 13. Re1 Qf4 14. Nf3 0-0 15. g3 Qf6 16. b4 Rac8 17. Rc1 Be4 18. c3 Na7 19. Nc5 Nxc5 20. bxc5 Nc6 21. Nd2 Bg6 22. f4 Ne7 23. Nf3 Nc6 24. Rf1 h6 25. Ne5 Nxe5 26. fxe5 Qg5 27. Rf4 Qe7 28. Bd3 Bxd3 29. Qxd3 b6 30. cxb6 Qxa3 31. Rff1 Qb2 32. Rb1 Qxc3 33. Qxc3 Rxc3 34. Rf2 Rc6 35. Ra2 Ra8 36. Ra5 Rb8 37. Rxa6 Kh7 38. Kf2 Kg6 39. Rb3 f6 40. exf6 gxf6 41. Ke3 Kf5 42. h3 e5 43. Rb5 Ke6 44. g4 Kd6 45. dxe5+ fxe5 46. Raa5 Rbxb6 47. Rxd5+ Ke7 48. Rxe5+ Re6 49. Rxe6+ Rxe6+ 50. Kf4 Kf6 51. h4 Rb6 1/2-1/2

[Event "Gibraltar Amateur op-B"]
[Site "Caleta"]
[Date "2019.01.30"]
[Round "5"]
[White "Towers, Brian"]
[Black "Wadhwani, Sunil"]
[Result "1-0"]
[WhiteElo "1710"]
[BlackElo "1841"]
[PlyCount "85"]
[EventDate "2019.01.26"]
[EventType "swiss"]
[EventRounds "5"]
[EventCountry "GGB"]
[SourceTitle "EXT 2021"]
[Source "ChessBase"]
[SourceDate "2020.10.23"]
[SourceVersion "1"]
[SourceVersionDate "2020.10.23"]
[SourceQuality "1"]

1. d4 Nf6 2. Bf4 d6 3. Nc3 g6 4. e4 c6 5. Qd2 Bg7 6. 0-0-0 0-0 7. Bh6 a5 8. Bxg7 Kxg7 9. f4 b5 10. e5 dxe5 11. fxe5 Nd5 12. Nf3 a4 13. Kb1 Bg4 14. Be2 Na6 15. h3 Be6 16. Ng5 Nxc3+ 17. Qxc3 Bd5 18. Bf3 h6 19. Ne4 b4 20. Qe3 Qa5 21. Nf2 b3 22. cxb3 axb3 23. a3 Nb4 24. Ng4 g5 25. h4 Nc2 26. Qc1 Nxa3+ 27. bxa3 b2 28. Qe3 Qxa3 29. Qxa3 Rxa3 30. Bxd5 cxd5 31. hxg5 Rb8 32. gxh6+ Kh7 33. Nf2 Ra1+ 34. Kc2 Rba8 35. Rb1 R1a4 36. Rh4 Rc4+ 37. Kd2 Raa4 38. Rxb2 Rxd4+ 39. Rxd4 Rxd4+ 40. Ke3 Rh4 41. Rb7 Kxh6 42. Rxe7 Kg6 43. Rd7 1-0

[Event "Gibraltar Amateur op-B"]
[Site "Caleta"]
[Date "2019.01.29"]
[Round "4"]
[White "Garcia Blazquez, Perez Manuel"]
[Black "Towers, Brian"]
[Result "1/2-1/2"]
[WhiteElo "1849"]
[BlackElo "1710"]
[PlyCount "135"]
[EventDate "2019.01.26"]
[EventType "swiss"]
[EventRounds "5"]
[EventCountry "GGB"]
[SourceTitle "EXT 2021"]
[Source "ChessBase"]
[SourceDate "2020.10.23"]
[SourceVersion "1"]
[SourceVersionDate "2020.10.23"]
[SourceQuality "1"]

1. e4 e6 2. d4 d5 3. Bd3 dxe4 4. Bxe4 Nf6 5. Bf3 c5 6. Ne2 Nc6 7. Be3 cxd4 8. Nxd4 Nxd4 9. Qxd4 Qxd4 10. Bxd4 Bb4+ 11. c3 Bd6 12. Nd2 e5 13. Be3 0-0 14. Nc4 Bc7 15. Rd1 e4 16. Be2 b6 17. Na3 Be6 18. Nb5 Be5 19. 0-0 Ng4 20. Bxg4 Bxg4 21. Rd5 f6 22. Nd4 Bxd4 23. Rxd4 Be2 24. Re1 Bd3 25. a4 Rad8 26. Ra1 Rxd4 27. Bxd4 Rf7 28. b4 Rb7 29. f3 exf3 30. gxf3 a6 31. Kf2 b5 32. Ke3 Bc4 33. Bc5 Rd7 34. Bd4 Kf7 35. axb5 axb5 36. f4 Re7+ 37. Kf3 h5 38. h4 Bd5+ 39. Kf2 Bc4 40. f5 Bd3 41. Bc5 Rd7 42. Rc1 Bxf5 43. c4 bxc4 44. Rxc4 Bd3 45. Rc1 g5 46. Kg3 Bb5 47. hxg5 fxg5 48. Be3 Rd5 49. Rc8 h4+ 50. Kf2 Rf5+ 51. Kg2 g4 52. Rc5 Rxc5 53. bxc5 Bc6+ 54. Kh2 Kg6 55. Bf2 Kg5 56. Be3+ Kh5 57. Bf4 Bf3 58. Bd6 Kg6 59. Be7 g3+ 60. Kh3 g2 61. Kh2 Kh5 62. Bd6 h3 63. Be5 Kg4 64. Bd4 Bc6 65. Bg1 Bd7 66. Bd4 Kf3 67. c6 Bxc6 68. Kxh3 1/2-1/2

[Event "Gibraltar Amateur op-B"]
[Site "Caleta"]
[Date "2019.01.28"]
[Round "3"]
[White "Towers, Brian"]
[Black "Dhanwani, Aditya"]
[Result "1-0"]
[WhiteElo "1710"]
[BlackElo "1497"]
[PlyCount "71"]
[EventDate "2019.01.26"]
[EventType "swiss"]
[EventRounds "5"]
[EventCountry "GGB"]
[SourceTitle "CBM 188 Extra"]
[Source "ChessBase"]
[SourceDate "2019.02.26"]
[SourceVersion "1"]
[SourceVersionDate "2019.02.26"]
[SourceQuality "1"]

1. d4 e6 2. Nf3 d5 3. Bf4 c5 4. c3 Qb6 5. Qb3 c4 6. Qc2 Nf6 7. Nbd2 Nc6 8. e3 Be7 9. b3 cxb3 10. axb3 h6 11. h3 0-0 12. Bd3 Bd7 13. 0-0 Rfc8 14. Qa2 a6 15. Rfc1 Na7 16. e4 dxe4 17. Nxe4 Nd5 18. Bd2 f5 19. Ng3 g5 20. Ne5 Be8 21. b4 Nc6 22. Nxf5 Nxe5 23. Nxe7+ Nxe7 24. dxe5 Rd8 25. Be3 Qc6 26. Qc2 Nd5 27. Bd4 Nxb4 28. Bh7+ Kg7 29. Qb1 Nd5 30. Be4 Qb5 31. Qa2 Nf4 32. Rc2 Bf7 33. Rb1 Ne2+ 34. Rxe2 Rxd4 35. Rxb5 axb5 36. Qxa8 1-0

[Event "Gibraltar Amateur op-A"]
[Site "Caleta"]
[Date "2019.01.22"]
[Round "2"]
[White "Towers, Brian"]
[Black "Wilson, Matthew R"]
[Result "0-1"]
[WhiteElo "1710"]
[BlackElo "1822"]
[PlyCount "112"]
[EventDate "2019.01.21"]
[EventType "swiss"]
[EventRounds "5"]
[EventCountry "GGB"]
[SourceTitle "CBM 188 Extra"]
[Source "ChessBase"]
[SourceDate "2019.02.26"]
[SourceVersion "1"]
[SourceVersionDate "2019.02.26"]
[SourceQuality "1"]

1. d4 Nf6 2. Bf4 e6 3. Nf3 d5 4. e3 c5 5. c3 Nc6 6. Nbd2 cxd4 7. exd4 Nh5 8. Bg5 f6 9. Ne5 g6 10. Nxc6 bxc6 11. Bh4 Bd6 12. Nf3 0-0 13. Bd3 Qc7 14. 0-0 e5 15. dxe5 fxe5 16. Be2 Nf4 17. c4 d4 18. Rc1 c5 19. h3 e4 20. Ne1 d3 21. Nxd3 exd3 22. Bxd3 Bb7 23. f3 Be5 24. Qc2 Nxd3 25. Qxd3 Bxb2 26. Rc2 Bd4+ 27. Kh1 Rae8 28. Re2 Rxe2 29. Qxe2 Qf7 30. Bg3 Ba6 31. Rc1 Re8 32. Qf1 Re6 33. Rc2 Rb6 34. Bf2 Qf5 35. Qe2 Rb1+ 36. Kh2 Qe5+ 37. Qxe5 Bxe5+ 38. g3 Bd4 39. Kg2 Bxf2 40. Kxf2 Rb7 41. Ke3 Rd7 42. a3 Kf7 43. f4 Ke7 44. Rc3 Rd4 45. g4 Rxc4 46. Rb3 Rc1 47. Kd2 Rh1 48. Re3+ Kd7 49. a4 Ra1 50. Re4 Ra2+ 51. Kc1 Rh2 52. Re3 Rf2 53. Re4 Bb7 54. Rc4 Kc6 55. Re4 Kd6 56. Rc4 Kd5 0-1

[Event "Douglas IoM op-B"]
[Site "Douglas"]
[Date "2018.10.28"]
[Round "7"]
[White "Cross, Glenn"]
[Black "Towers, Brian"]
[Result "0-1"]
[WhiteElo "1807"]
[BlackElo "1727"]
[PlyCount "60"]
[EventDate "2018.10.22"]
[EventType "swiss"]
[EventRounds "7"]
[EventCountry "IOM"]
[SourceTitle "CBM 187 Extra"]
[Source "ChessBase"]
[SourceDate "2018.11.04"]
[SourceVersion "1"]
[SourceVersionDate "2018.11.04"]
[SourceQuality "1"]

1. d4 e6 2. c4 f5 3. Nf3 Nf6 4. g3 d6 5. Bg2 Be7 6. 0-0 0-0 7. Nc3 Ne4 8. d5 Nxc3 9. bxc3 e5 10. Rb1 Nd7 11. a4 a5 12. Qb3 Nc5 13. Qc2 f4 14. Qd1 fxg3 15. fxg3 Bd7 16. Be3 Nxa4 17. Qc1 b6 18. Rb3 Nc5 19. Bxc5 bxc5 20. Qb2 e4 21. Nd2 Rxf1+ 22. Kxf1 e3 23. Nf3 g5 24. h3 h5 25. Qc2 Qe8 26. Qe4 g4 27. hxg4 hxg4 28. Nh2 Qf7+ 29. Qf4 Qxf4+ 30. gxf4 Rf8 0-1

[Event "Telford 4NCL op-A 19th"]
[Site "Telford"]
[Date "2018.07.13"]
[Round "1"]
[White "Bin Suhayl, Ieysaa"]
[Black "Towers, Brian"]
[Result "1-0"]
[WhiteElo "2078"]
[BlackElo "1746"]
[PlyCount "51"]
[EventDate "2018.07.13"]
[EventType "swiss"]
[EventRounds "5"]
[EventCountry "ENG"]
[SourceTitle "CBM 185 Extra"]
[Source "ChessBase"]
[SourceDate "2018.07.29"]
[SourceVersion "1"]
[SourceVersionDate "2018.07.29"]
[SourceQuality "1"]

1. d4 e6 2. Nf3 f5 3. c4 Nf6 4. Nc3 Bb4 5. g3 0-0 6. Bg2 d6 7. 0-0 Bxc3 8. bxc3 Qe8 9. Ba3 Nbd7 10. Qd3 Ne4 11. Rab1 Rb8 12. Ne1 Qg6 13. c5 dxc5 14. dxc5 Ndxc5 15. Qe3 b6 16. Bxe4 Nxe4 17. Bxf8 Kxf8 18. Nf3 Bb7 19. Rfd1 Nc5 20. Ne5 Qe8 21. Qd4 Rc8 22. f3 Bd5 23. c4 Bb7 24. Rb2 a5 25. Qh4 h6 26. Rbd2 1-0

[Event "Basingstoke Spring Bank op U1825"]
[Site "Basingstoke"]
[Date "2018.05.27"]
[Round "5.10"]
[White "Buanne, Luca"]
[Black "Towers, Brian"]
[Result "0-1"]
[WhiteElo "1422"]
[BlackElo "1780"]
[PlyCount "179"]
[EventDate "2018.05.25"]
[EventType "swiss"]
[EventRounds "7"]
[EventCountry "ENG"]
[SourceTitle "EXT 2023"]
[Source "ChessBase"]
[SourceDate "2022.10.05"]
[SourceVersion "1"]
[SourceVersionDate "2022.10.05"]
[SourceQuality "1"]

1. e4 d6 2. d4 Nf6 3. Nc3 Nbd7 4. Nf3 e5 5. dxe5 dxe5 6. Bc4 Be7 7. h3 h6 8. Be3 c6 9. Qd2 0-0 10. g4 b5 11. Bf1 b4 12. Ne2 Nxe4 13. Qd3 Nef6 14. Ng3 Nd5 15. Nf5 Nxe3 16. Nxe7+ Qxe7 17. Qxe3 Re8 18. Bg2 Bb7 19. 0-0 Qc5 20. Qb3 e4 21. Nd2 e3 22. fxe3 Qxe3+ 23. Qxe3 Rxe3 24. Nc4 Re6 25. Rae1 Rae8 26. Rd1 Nf6 27. Nd6 Rb8 28. Nxb7 Rxb7 29. Rfe1 Rbe7 30. Rxe6 Rxe6 31. Rd8+ Kh7 32. Ra8 Re1+ 33. Kh2 Re2 34. Rxa7 Rxc2 35. b3 Nd5 36. Kg3 Rc3+ 37. Bf3 Kg6 38. Ra6 Kf6 39. Kf2 Rc2+ 40. Kg3 Ke6 41. Ra4 g5 42. Bxd5+ Kxd5 43. Rxb4 Rxa2 44. Rc4 Rd2 45. Rc3 Rd4 46. Kf3 Rf4+ 47. Ke2 c5 48. Rd3+ Kc6 49. Kd2 f5 50. gxf5 Rxf5 51. Kc3 Rf4 52. Rg3 Kb5 53. Re3 h5 54. Rg3 g4 55. hxg4 hxg4 56. Kb2 Kc6 57. Ka2 Kd5 58. Ka3 Ke5 59. Rc3 Kd5 60. Rg3 Rd4 61. Re3 Kd6 62. Kb2 Rd5 63. Ka3 Rg5 64. Rg3 Ke5 65. b4 cxb4+ 66. Kxb4 Kf4 67. Rg1 g3 68. Kc3 Ke3 69. Kc2 Kf2 70. Ra1 g2 71. Kd2 Rd5+ 72. Kc3 g1Q 73. Rxg1 Kxg1 74. Kc4 Rd1 75. Kc5 Kf2 76. Kc4 Ke3 77. Kc5 Ke4 78. Kc6 Ke5 79. Kc7 Ke6 80. Kc8 Ke7 81. Kc7 Rc1+ 82. Kb6 Kd6 83. Kb5 Rc8 84. Kb4 Kd5 85. Kb3 Kd4 86. Kb2 Kd3 87. Kb1 Rc2 88. Ka1 Kc3 89. Kb1 Rh2 90. Ka1 0-1

[Event "Basingstoke Spring Bank op U1825"]
[Site "Basingstoke"]
[Date "2018.05.27"]
[Round "4.17"]
[White "Towers, Brian"]
[Black "Zhu, Hou Ning"]
[Result "1-0"]
[WhiteElo "1780"]
[BlackElo "1309"]
[PlyCount "109"]
[EventDate "2018.05.25"]
[EventType "swiss"]
[EventRounds "7"]
[EventCountry "ENG"]
[SourceTitle "EXT 2023"]
[Source "ChessBase"]
[SourceDate "2022.10.05"]
[SourceVersion "1"]
[SourceVersionDate "2022.10.05"]
[SourceQuality "1"]

1. d4 d5 2. Bf4 Nf6 3. e3 Bf5 4. Bd3 Bxd3 5. Qxd3 c6 6. Nd2 e6 7. Ngf3 Be7 8. h3 Nbd7 9. 0-0 0-0 10. b3 c5 11. c4 Rc8 12. Ne5 cxd4 13. exd4 Nxe5 14. dxe5 Nh5 15. Be3 g6 16. cxd5 exd5 17. Nf3 Bc5 18. Bxc5 Rxc5 19. Qe3 Qb6 20. Rad1 Rd8 21. Rd3 Ng7 22. Nd4 Ne6 23. Kh2 Nxd4 24. Rxd4 Ra5 25. a4 Qe6 26. Qg5 Rc8 27. Rfd1 Rac5 28. b4 Rc4 29. Rxd5 Rxb4 30. Rd8+ Rxd8 31. Qxd8+ Kg7 32. Qd6 Rb6 33. Qd4 a5 34. Qd5 Qxd5 35. Rxd5 Ra6 36. Rb5 b6 37. f4 Kf8 38. g4 Ke7 39. Kg3 Ke6 40. Kf3 f6 41. exf6 Kxf6 42. Ke4 Ke6 43. h4 h6 44. h5 Kf6 45. hxg6 Kxg6 46. Kd5 h5 47. gxh5+ Kxh5 48. f5 Kg5 49. Ke6 Ra8 50. f6+ Kg6 51. f7 Rf8 52. Rf5 b5 53. Rf1 bxa4 54. Rg1+ Kh7 55. Ke7 1-0

[Event "Doncaster 4NCL op-A 18th"]
[Site "Doncaster"]
[Date "2018.04.14"]
[Round "3"]
[White "Yoon, Jacob D"]
[Black "Towers, Brian"]
[Result "1-0"]
[WhiteElo "2004"]
[BlackElo "1785"]
[PlyCount "49"]
[EventDate "2018.04.13"]
[EventType "swiss"]
[EventRounds "5"]
[EventCountry "ENG"]
[SourceTitle "CBM 184 Extra"]
[Source "ChessBase"]
[SourceDate "2018.06.28"]
[SourceVersion "1"]
[SourceVersionDate "2018.06.28"]
[SourceQuality "1"]

1. Nf3 Nf6 2. d4 d5 3. c4 dxc4 4. Nc3 Bf5 5. g3 e6 6. Bg2 Nbd7 7. Nh4 c6 8. Nxf5 exf5 9. 0-0 Be7 10. d5 cxd5 11. Nxd5 Nxd5 12. Qxd5 Nb6 13. Qxf5 0-0 14. Bxb7 Rb8 15. Be4 g6 16. Qa5 Qd7 17. Bf4 Qa4 18. Qxa4 Nxa4 19. Bxb8 Rxb8 20. b3 Nc5 21. Bc2 c3 22. Rad1 Rb6 23. Rd4 Bf6 24. Rc4 Ne6 25. Rd1 1-0

[Event "Harrogate 4NCL op-A 17th"]
[Site "Harrogate"]
[Date "2018.01.21"]
[Round "4"]
[White "Wells, Jonathan C"]
[Black "Towers, Brian"]
[Result "1-0"]
[WhiteElo "1965"]
[BlackElo "1787"]
[PlyCount "131"]
[EventDate "2018.01.19"]
[EventType "swiss"]
[EventRounds "5"]
[EventCountry "ENG"]
[SourceTitle "CBM 182 Extra"]
[Source "ChessBase"]
[SourceDate "2018.02.23"]
[SourceVersion "1"]
[SourceVersionDate "2018.02.23"]
[SourceQuality "1"]

1. d4 e6 2. c4 f5 3. g3 Nf6 4. Bg2 g6 5. Nc3 Bg7 6. e3 d6 7. Nge2 0-0 8. 0-0 c6 9. b3 Qc7 10. Bb2 e5 11. Rc1 e4 12. Qd2 b6 13. f4 Bb7 14. Rfd1 Rd8 15. b4 Qe7 16. b5 Nbd7 17. bxc6 Bxc6 18. Ba3 h5 19. Nb5 Bxb5 20. cxb5 Nd5 21. Rc6 N7f6 22. h3 Bf8 23. Nc3 Qd7 24. Nxd5 Nxd5 25. Bf1 Kh7 26. Bc4 Nf6 27. d5 Ne8 28. Bb2 Bg7 29. Bd4 Bxd4 30. Qxd4 Qg7 31. a4 Qxd4 32. Rxd4 Rd7 33. Kf2 Nf6 34. Rd1 Kg7 35. Bb3 Kf7 36. Rdc1 Ke7 37. Ke2 Rad8 38. Kd2 Rb7 39. Kc3 Nd7 40. Kb4 Nc5 41. Bc4 Kd7 42. Be2 Rh8 43. Rg1 Rbb8 44. Ra1 Rb7 45. Kc4 Ke7 46. a5 Nd7 47. Kb4 Nc5 48. Kc3 Nd7 49. Kc4 Nc5 50. Kb4 Nd7 51. a6 Rbb8 52. Rc7 Ra8 53. Rac1 Kd8 54. R1c6 Ke7 55. Rb7 Rhb8 56. Rcc7 Rxb7 57. Rxb7 Kd8 58. Bc4 Kc8 59. Kc3 Kd8 60. Kd4 Kc8 61. Be2 Kd8 62. g4 hxg4 63. hxg4 Ke8 64. gxf5 gxf5 65. Bh5+ Kd8 66. Bg6 1-0

[Event "Harrogate 4NCL op-A 17th"]
[Site "Harrogate"]
[Date "2018.01.20"]
[Round "2"]
[White "Towers, Brian"]
[Black "Grattage, Matthew"]
[Result "0-1"]
[WhiteElo "1787"]
[BlackElo "2017"]
[PlyCount "56"]
[EventDate "2018.01.19"]
[EventType "swiss"]
[EventRounds "5"]
[EventCountry "ENG"]
[SourceTitle "CBM 182 Extra"]
[Source "ChessBase"]
[SourceDate "2018.02.23"]
[SourceVersion "1"]
[SourceVersionDate "2018.02.23"]
[SourceQuality "1"]

1. d4 d5 2. Bf4 Nf6 3. e3 e6 4. Nf3 c5 5. c3 Nc6 6. Nbd2 Bd6 7. Bg3 Qe7 8. Ne5 Nd7 9. Bb5 Bxe5 10. dxe5 0-0 11. f4 f6 12. exf6 Nxf6 13. 0-0 a6 14. Ba4 b5 15. Bc2 e5 16. fxe5 Nxe5 17. e4 Bg4 18. Qe1 d4 19. cxd4 cxd4 20. Bh4 d3 21. Bb3+ Kh8 22. Rc1 Be2 23. Rf4 Ng6 24. Bxf6 Rxf6 25. Rxf6 Qxf6 26. Bd5 Rf8 27. Rc6 Qd4+ 28. Kh1 Ne7 0-1

[Event "Douglas IoM Major op"]
[Site "Douglas"]
[Date "2017.09.27"]
[Round "3"]
[White "Gostelow, David W"]
[Black "Towers, Brian"]
[Result "1-0"]
[WhiteElo "1961"]
[BlackElo "1805"]
[PlyCount "87"]
[EventDate "2017.09.25"]
[EventType "swiss"]
[EventRounds "7"]
[EventCountry "IOM"]
[SourceTitle "CBM 181 Extra"]
[Source "ChessBase"]
[SourceDate "2017.12.12"]
[SourceVersion "1"]
[SourceVersionDate "2017.12.12"]
[SourceQuality "1"]

1. d4 e6 2. Bf4 f5 3. Nf3 Nf6 4. e3 b6 5. Be2 Bb7 6. h3 Be7 7. 0-0 0-0 8. c4 d6 9. Nc3 Nbd7 10. Bh2 Qe8 11. Nb5 Bd8 12. Bxd6 cxd6 13. Nxd6 Qe7 14. Nxb7 Bc7 15. c5 bxc5 16. Nxc5 Nxc5 17. dxc5 Qxc5 18. Rc1 Qe7 19. Rc6 Rfd8 20. Nd4 Rd6 21. Qc2 Rc8 22. Rc1 Rxc6 23. Nxc6 Qd6 24. Bf3 Re8 25. g3 Bb6 26. Rd1 Qc7 27. Qb3 Kh8 28. Nd4 Qe7 29. a4 g5 30. Nc6 Qc5 31. Qd3 f4 32. b4 Qf8 33. a5 Bc7 34. exf4 gxf4 35. g4 e5 36. Re1 Qh6 37. Kg2 Qg5 38. Nxa7 h5 39. Qf5 Qxf5 40. gxf5 e4 41. Bd1 Rg8+ 42. Kh1 Rg5 43. Nb5 Bb8 44. a6 1-0

[Event "Doncaster 4NCL op-A 15th"]
[Site "Doncaster"]
[Date "2017.09.10"]
[Round "5"]
[White "Munshi, Aditya"]
[Black "Towers, Brian"]
[Result "1-0"]
[WhiteElo "1996"]
[BlackElo "1805"]
[PlyCount "69"]
[EventDate "2017.09.08"]
[EventType "swiss"]
[EventRounds "5"]
[EventCountry "ENG"]
[SourceTitle "CBM 180 Extra"]
[Source "ChessBase"]
[SourceDate "2017.10.06"]
[SourceVersion "1"]
[SourceVersionDate "2017.10.06"]
[SourceQuality "1"]

1. Nf3 d6 2. d4 Bg4 3. Nbd2 Nd7 4. h3 Bxf3 5. Nxf3 f5 6. Ng5 e5 7. Ne6 Qc8 8. b3 Ngf6 9. dxe5 Nxe5 10. Nxf8 Rxf8 11. Bb2 Qe6 12. e3 0-0-0 13. Be2 g5 14. Qd4 Kb8 15. 0-0-0 Ne4 16. Rhf1 Nc6 17. Qa4 f4 18. Bg4 Qe7 19. Rde1 Nc5 20. Qb5 a6 21. Qe2 Qf7 22. Bh5 Qd7 23. exf4 Rxf4 24. g3 Re4 25. Qd2 h6 26. Rxe4 Nxe4 27. Qe2 d5 28. Bg4 Qe7 29. Re1 Qf7 30. Bf3 Rf8 31. Bxe4 dxe4 32. Rf1 Re8 33. Qe3 Qf3 34. Re1 Nb4 35. Qxf3 1-0

[Event "Doncaster 4NCL op-A 15th"]
[Site "Doncaster"]
[Date "2017.09.09"]
[Round "2"]
[White "Head, Louise"]
[Black "Towers, Brian"]
[Result "1-0"]
[WhiteElo "2060"]
[BlackElo "1805"]
[PlyCount "49"]
[EventDate "2017.09.08"]
[EventType "swiss"]
[EventRounds "5"]
[EventCountry "ENG"]
[SourceTitle "CBM 180 Extra"]
[Source "ChessBase"]
[SourceDate "2017.10.06"]
[SourceVersion "1"]
[SourceVersionDate "2017.10.06"]
[SourceQuality "1"]

1. d4 e6 2. c4 f5 3. g3 Nf6 4. Bg2 Be7 5. Nf3 0-0 6. 0-0 d6 7. Nc3 a5 8. b3 Ne4 9. Nxe4 fxe4 10. Ne1 d5 11. f3 exf3 12. Bxf3 c5 13. e3 dxc4 14. bxc4 Nc6 15. Bb2 Bf6 16. Nc2 Qc7 17. Qe2 Re8 18. Rab1 e5 19. d5 Nb4 20. a3 Nxc2 21. Qxc2 Bh3 22. Rf2 Ra6 23. Be4 g6 24. Bxg6 hxg6 25. Qxg6+ 1-0

[Event "Wakefield 4NCL op 13th"]
[Site "Wakefield"]
[Date "2017.04.09"]
[Round "5"]
[White "Towers, Brian"]
[Black "Slinger, Tony J"]
[Result "1/2-1/2"]
[WhiteElo "1788"]
[BlackElo "1905"]
[PlyCount "61"]
[EventDate "2017.04.07"]
[EventType "swiss"]
[EventRounds "5"]
[EventCountry "ENG"]
[SourceTitle "CBM 177 Extra"]
[Source "ChessBase"]
[SourceDate "2017.04.27"]
[SourceVersion "1"]
[SourceVersionDate "2017.04.27"]
[SourceQuality "1"]

1. d4 Nf6 2. Bf4 g6 3. Nc3 Bg7 4. e4 d6 5. Qd2 a6 6. 0-0-0 b5 7. Bd3 Bb7 8. f3 Nbd7 9. e5 Nd5 10. Nxd5 Bxd5 11. Bh6 Kf8 12. Bxg7+ Kxg7 13. Be4 Nb6 14. h4 h6 15. Bxd5 Nxd5 16. f4 e6 17. Nf3 b4 18. h5 Rb8 19. g4 Qd7 20. g5 Qa4 21. gxh6+ Rxh6 22. f5 exf5 23. hxg6 Rbh8 24. Rxh6 Rxh6 25. gxf7 Rg6 26. Nh4 Qxa2 27. Nxf5+ Kxf7 28. Qf2 Ke6 29. exd6 Qa1+ 30. Kd2 Qxb2 31. dxc7 1/2-1/2

[Event "Harrogate 4NCL op 12th"]
[Site "Harrogate"]
[Date "2017.01.06"]
[Round "1"]
[White "Towers, Brian"]
[Black "Prior, Stephen"]
[Result "0-1"]
[WhiteElo "1793"]
[BlackElo "2068"]
[PlyCount "52"]
[EventDate "2017.01.06"]
[EventType "swiss"]
[EventRounds "5"]
[EventCountry "ENG"]
[SourceTitle "CBM 176 Extra"]
[Source "ChessBase"]
[SourceDate "2017.03.02"]
[SourceVersion "1"]
[SourceVersionDate "2017.03.02"]
[SourceQuality "1"]

1. d4 Nf6 2. Nf3 d5 3. Bf4 c5 4. c3 Nc6 5. e3 Qb6 6. Qc1 Bf5 7. Be2 h6 8. h3 e6 9. 0-0 Be7 10. Nbd2 0-0 11. Bd1 Ne4 12. dxc5 Nxc5 13. Bc2 Nd3 14. Bxd3 Bxd3 15. Ne5 Nxe5 16. Bxe5 f6 17. Bg3 e5 18. Nb3 Rfd8 19. Qd2 Bg6 20. Kh1 a5 21. f4 a4 22. Nc1 a3 23. b3 exf4 24. exf4 Be4 25. Bf2 Qe6 26. Ne2 Qxh3+ 0-1